[Event "Oberpfalz-ch M3"]
[Site "Bad Koetzting"]
[Date "2018.03.24"]
[Round "1"]
[White "Klinkhammer, Christopher"]
[Black "Horeth, Marco"]
[Result "0-1"]
[WhiteElo "1486"]
[BlackElo "1061"]
[PlyCount "70"]
[EventDate "2018.03.24"]
[EventType "swiss"]
[EventRounds "8"]
[EventCountry "GER"]
[SourceTitle "EXT 2020"]
[Source "ChessBase"]
[SourceDate "2019.10.17"]
[SourceVersion "1"]
[SourceVersionDate "2019.10.17"]
[SourceQuality "1"]

1. c4 c6 2. g3 d5 3. Bg2 dxc4 4. Na3 Be6 5. Qc2 Nf6 6. Nxc4 Nbd7 7. Nf3 Bxc4 8. Qxc4 e6 9. 0-0 Be7 10. b3 Qc7 11. Bb2 Rd8 12. Rfe1 0-0 13. a3 Nb6 14. Qc2 Nfd7 15. Rad1 Bf6 16. d4 Rfe8 17. e4 Be7 18. d5 exd5 19. exd5 c5 20. Rxe7 Qd6 21. Ree1 f6 22. Bh3 Nf8 23. Be6+ Kh8 24. Rd2 Re7 25. a4 Rc7 26. Ng5 fxg5 27. Be5 Qe7 28. d6 Qxe6 29. dxc7 Rxd2 30. Qxd2 Qg8 31. a5 Nc8 32. Qxg5 Ne6 33. Qe3 Qf7 34. Qxc5 Nxc5 35. Bxg7+ Kxg7 0-1

[Event "Oberpfalz-ch M3"]
[Site "Windischeschenbach"]
[Date "2017.04.09"]
[Round "4"]
[White "Schmidt, Oliver2222"]
[Black "Klinkhammer, Christopher"]
[Result "1/2-1/2"]
[WhiteElo "1468"]
[BlackElo "1526"]
[PlyCount "71"]
[EventDate "2017.04.08"]
[EventType "swiss"]
[EventRounds "8"]
[EventCountry "GER"]
[SourceTitle "EXT 2020"]
[Source "ChessBase"]
[SourceDate "2019.10.17"]
[SourceVersion "1"]
[SourceVersionDate "2019.10.17"]
[SourceQuality "1"]

1. d4 Nf6 2. c4 e6 3. Nf3 b6 4. g3 Bb7 5. Bg2 d5 6. 0-0 Nbd7 7. cxd5 exd5 8. Bg5 Bd6 9. Nc3 h6 10. Bxf6 Nxf6 11. Nb5 0-0 12. Nxd6 Qxd6 13. Qb3 Ne4 14. e3 c5 15. Qd3 c4 16. Qc2 Rac8 17. Nd2 Nxd2 18. Qxd2 b5 19. Qa5 a6 20. a3 Qc7 21. Qxc7 Rxc7 22. Rfc1 a5 23. Bh3 f5 24. b4 a4 25. Rc3 g5 26. f4 gxf4 27. gxf4 Kg7 28. Kf2 Kf6 29. Rg1 Rg7 30. Rxg7 Kxg7 31. Bg2 Kf6 32. Bf3 Bc6 33. Rc1 Rg8 34. Rg1 Rxg1 35. Kxg1 Be8 36. Kf2 1/2-1/2

[Event "Bayernliga U20 1314"]
[Site "Bayern"]
[Date "2013.11.30"]
[Round "3.6"]
[White "Klinkhammer, Christopher"]
[Black "Huber, Benedikt"]
[Result "1/2-1/2"]
[WhiteElo "1376"]
[BlackElo "1858"]
[PlyCount "45"]
[EventDate "2013.11.16"]
[EventType "team-tourn"]
[EventRounds "7"]
[EventCountry "GER"]
[SourceTitle "EXT 2022"]
[Source "ChessBase"]
[SourceDate "2021.10.06"]
[SourceVersion "1"]
[SourceVersionDate "2021.10.06"]
[SourceQuality "1"]
[WhiteTeam "Amberg SGS U20"]
[BlackTeam "Muenchen Suedost SK U20"]
[WhiteTeamCountry "GER"]
[BlackTeamCountry "GER"]

1. c4 e5 2. Nc3 Nf6 3. g3 d5 4. cxd5 Nxd5 5. Bg2 Nb6 6. e3 Nc6 7. Nge2 Be7 8. d4 f6 9. 0-0 0-0 10. dxe5 fxe5 11. Nd5 Be6 12. Nec3 Kh8 13. e4 Nd4 14. Nxe7 Qxe7 15. Nd5 Bxd5 16. exd5 Qd6 17. Be3 Nf5 18. Bxb6 axb6 19. a3 Rad8 20. Rc1 Ne7 21. Re1 Ng6 22. Qc2 Rc8 23. Bh3 1/2-1/2

[Event "Nittenau-ch 13th"]
[Site "Nittenau"]
[Date "2013.09.15"]
[Round "5"]
[White "Klinkhammer, Christopher"]
[Black "Helmich, Joerg"]
[Result "0-1"]
[WhiteElo "1209"]
[BlackElo "1529"]
[PlyCount "106"]
[EventDate "2013.09.13"]
[EventType "swiss"]
[EventRounds "5"]
[EventCountry "GER"]
[SourceTitle "EXT 2022"]
[Source "ChessBase"]
[SourceDate "2021.10.06"]
[SourceVersion "1"]
[SourceVersionDate "2021.10.06"]
[SourceQuality "1"]

1. c4 Nf6 2. Nc3 d5 3. cxd5 Nxd5 4. e4 Nxc3 5. bxc3 g6 6. d4 Bg7 7. Nf3 c5 8. Bb2 cxd4 9. cxd4 0-0 10. Bc4 Nc6 11. h3 Qa5+ 12. Qd2 Qxd2+ 13. Kxd2 Rd8 14. Ke3 a6 15. Rhd1 Nb4 16. Bb3 Bd7 17. Ne5 Bxe5 18. dxe5 Rac8 19. e6 Bxe6 20. Bxe6 fxe6 21. Rdc1 Nc2+ 22. Rxc2 Rxc2 23. Bd4 Rdc8 24. Rb1 b5 25. Kf4 Rxa2 26. Ke5 Rd2 27. Be3 Rd6 28. Kf4 Rd3 29. Ke5 Rxe3 30. fxe3 Kf7 31. Rf1+ Ke8 32. Kxe6 Rc6+ 33. Kd5 Kd7 34. Ra1 b4 35. Ra4 Rb6 36. Kc5 Rb5+ 37. Kc4 Rb6 38. Kc5 Kc7 39. Rxb4 Rxb4 40. Kxb4 Kd6 41. Ka5 Ke5 42. Kxa6 Kxe4 43. Kb6 e5 44. Kc6 Kxe3 45. Kd5 e4 46. Ke5 Kd3 47. Kf6 e3 48. Kg7 e2 49. Kxh7 e1Q 50. Kxg6 Qg3+ 51. Kf5 Qxg2 52. h4 Ke3 53. Kf6 Qg4 0-1

[Event "GER-ch U25 op-B"]
[Site "Oberhof"]
[Date "2013.05.21"]
[Round "4"]
[White "Hesse, Henrik"]
[Black "Klinkhammer, Christopher"]
[Result "1/2-1/2"]
[WhiteElo "1701"]
[BlackElo "1279"]
[PlyCount "91"]
[EventDate "2013.05.19"]
[EventType "swiss"]
[EventRounds "9"]
[EventCountry "GER"]
[SourceTitle "CBM 154 Extra"]
[Source "ChessBase"]
[SourceDate "2013.06.25"]
[SourceVersion "2"]
[SourceVersionDate "2013.06.25"]
[SourceQuality "1"]

1. c4 c5 2. Nf3 Nf6 3. Nc3 Nc6 4. d3 g6 5. g3 Bg7 6. Bg2 d5 7. 0-0 0-0 8. Bg5 Be6 9. Nd2 dxc4 10. Nxc4 Nd5 11. Nxd5 Bxd5 12. e4 Bxc4 13. dxc4 Qd4 14. Qxd4 cxd4 15. Rad1 e5 16. Bd2 h6 17. b4 a6 18. a3 Rfc8 19. Bh3 Rc7 20. Rc1 Rb8 21. b5 Nd8 22. Bb4 Bf8 23. b6 Rc6 24. c5 a5 25. Bd7 axb4 26. Bxc6 Nxc6 27. axb4 Nxb4 28. Rc4 Nc6 29. Ra1 Rd8 30. f4 f6 31. Kf2 d3 32. Ke3 Nb4 33. Rac1 g5 34. fxe5 fxe5 35. Kd2 Nc6 36. R1c3 Rd4 37. Rxd4 exd4 38. Rc4 Ne5 39. Rxd4 Nf3+ 40. Kxd3 Nxd4 41. Kxd4 Kf7 42. Kd5 Ke7 43. c6 bxc6+ 44. Kxc6 Ke6 45. Kc7 Bd6+ 46. Kd8 1/2-1/2

[Event "GER-ch U25 op-B"]
[Site "Oberhof"]
[Date "2013.05.19"]
[Round "1"]
[White "Klinkhammer, Christopher"]
[Black "Breitzmann, Malte"]
[Result "1-0"]
[WhiteElo "1279"]
[BlackElo "886"]
[PlyCount "119"]
[EventDate "2013.05.19"]
[EventType "swiss"]
[EventRounds "9"]
[EventCountry "GER"]
[SourceTitle "CBM 154 Extra"]
[Source "ChessBase"]
[SourceDate "2013.06.25"]
[SourceVersion "2"]
[SourceVersionDate "2013.06.25"]
[SourceQuality "1"]

1. c4 e5 2. Nc3 Nc6 3. g3 Bc5 4. Bg2 f5 5. e3 Nf6 6. Nge2 d6 7. d4 Bb4 8. a3 Bxc3+ 9. Nxc3 0-0 10. 0-0 Bd7 11. b4 e4 12. f3 Qe7 13. Nd5 Nxd5 14. cxd5 Nd8 15. fxe4 fxe4 16. Rxf8+ Kxf8 17. Qc2 Bf5 18. Bd2 Kg8 19. h3 c6 20. dxc6 bxc6 21. g4 Bg6 22. Rf1 d5 23. Be1 Rc8 24. Bg3 Nb7 25. Qa4 Nd8 26. Rc1 Qb7 27. Bf1 Qb6 28. Rc5 Nb7 29. Ba6 Be8 30. Bxb7 Qxb7 31. Qc2 Qf7 32. Qf2 Qxf2+ 33. Kxf2 Kf7 34. Ke2 Rb8 35. Bxb8 a6 36. Ra5 Ke7 37. Rxa6 Kd7 38. Ra7+ Kc8 39. Be5 Bd7 40. Bxg7 Kd8 41. Bf6+ Kc8 42. Ra8+ Kc7 43. Rh8 Kd6 44. Rxh7 Kc7 45. g5 Kd6 46. Rxd7+ Kxd7 47. g6 Ke8 48. g7 Kf7 49. a4 Kxf6 50. g8Q c5 51. bxc5 Kf5 52. Qxd5+ Kg6 53. Qxe4+ Kf6 54. c6 Kf7 55. c7 Kf6 56. Qe5+ Kg6 57. c8R Kf7 58. Qd6 Kg7 59. Rc7+ Kg8 60. Qd8# 1-0

[Event "Nittenau-ch 12th"]
[Site "Nittenau"]
[Date "2012.09.15"]
[Round "3"]
[White "Dechant, Georg"]
[Black "Klinkhammer, Christopher"]
[Result "1-0"]
[WhiteElo "1596"]
[BlackElo "1185"]
[PlyCount "29"]
[EventDate "2012.09.14"]
[EventType "swiss"]
[EventRounds "5"]
[EventCountry "GER"]
[SourceTitle "EXT 2022"]
[Source "ChessBase"]
[SourceDate "2021.10.06"]
[SourceVersion "1"]
[SourceVersionDate "2021.10.06"]
[SourceQuality "1"]

1. e4 e5 2. Nf3 d6 3. d4 Nf6 4. dxe5 Nxe4 5. Qe2 d5 6. c4 Bb4+ 7. Nbd2 Bg4 8. a3 Bxf3 9. gxf3 Bxd2+ 10. Bxd2 Nxd2 11. Qxd2 d4 12. Rg1 Nc6 13. 0-0-0 Nxe5 14. Re1 Qe7 15. f4 1-0

[Event "Oberpfalz-ch M3"]
[Site "Roding"]
[Date "2010.03.27"]
[Round "2"]
[White "Averibou, Pascal"]
[Black "Klinkhammer, Christopher"]
[Result "0-1"]
[WhiteElo "1233"]
[BlackElo "1075"]
[PlyCount "50"]
[EventDate "2010.03.27"]
[EventType "swiss"]
[EventRounds "8"]
[EventCountry "GER"]
[SourceTitle "EXT 2012"]
[Source "ChessBase"]
[SourceDate "2011.11.24"]
[SourceVersion "1"]
[SourceVersionDate "2011.11.24"]
[SourceQuality "1"]

1. e4 e5 2. Nf3 d6 3. Bc4 Be7 4. c3 Nf6 5. d3 0-0 6. Be3 Nbd7 7. 0-0 c6 8. Nbd2 d5 9. exd5 cxd5 10. Bb3 b6 11. Re1 Bb7 12. Bg5 Ne8 13. Be3 Nd6 14. Nf1 f5 15. Bc1 Bf6 16. Ne3 Kh8 17. Bxd5 Bxd5 18. Nxd5 h6 19. Nxf6 Qxf6 20. Be3 g5 21. h3 g4 22. hxg4 fxg4 23. Qa4 gxf3 24. Qxd7 fxg2 25. f4 exf4 0-1

[Event "Oberpfalz-ch M3"]
[Site "Roding"]
[Date "2010.03.27"]
[Round "1"]
[White "Klinkhammer, Christopher"]
[Black "Oberberger, Karl"]
[Result "0-1"]
[WhiteElo "1075"]
[BlackElo "1400"]
[PlyCount "64"]
[EventDate "2010.03.27"]
[EventType "swiss"]
[EventRounds "8"]
[EventCountry "GER"]
[SourceTitle "EXT 2012"]
[Source "ChessBase"]
[SourceDate "2011.11.24"]
[SourceVersion "1"]
[SourceVersionDate "2011.11.24"]
[SourceQuality "1"]

1. c4 Nf6 2. Nc3 g6 3. g3 Bg7 4. Bg2 d6 5. d4 0-0 6. e3 Nbd7 7. Nge2 c5 8. 0-0 a6 9. a4 Qc7 10. b3 Rb8 11. Qd3 b6 12. e4 cxd4 13. Nxd4 Nc5 14. Qd1 Bb7 15. f3 Nfd7 16. Nce2 Bc6 17. b4 Ne6 18. b5 Bb7 19. Qd3 Ne5 20. Qd1 Nxc4 21. Rb1 axb5 22. Nxb5 Qc5+ 23. Kh1 Ba6 24. Qb3 Bxb5 25. Qxb5 Nd4 26. Qxc5 bxc5 27. Rxb8 Rxb8 28. Nxd4 Bxd4 29. Bf4 Rb4 30. Rc1 Rxa4 31. Bf1 Na5 32. Bb5 Ra1 0-1